| 000 | 00391nam a22001577a 4500 | ||
|---|---|---|---|
| 020 | _a978-03-80706-00-3 | ||
| 082 |
_a823 _bAND/C |
||
| 100 | _aANAND, NIDHI | ||
| 245 |
_aMAGIC PUPPETS _bCHOTA BHEEM |
||
| 246 |
_aMAGIC PUPPETS _bCHOTA BHEEM |
||
| 260 |
_bGREEN GOLD ANIMATION PVT. LTD _c2009 |
||
| 300 | _a30 | ||
| 520 | _aCHOTA BHEEM STORIES | ||
| 650 | _aCHOTA BHEEM STORIES | ||
| 942 | _cBK | ||
| 999 |
_c2497 _d2497 |
||